[Event "NOR-ch Women 2020"]
[Site "Bergen"]
[Date "2020.02.28"]
[Round "1.1"]
[White "Dolzhikova, Olga"]
[Black "Johnsen, Sylvia"]
[Result "1/2-1/2"]
[WhiteElo "2149"]
[BlackElo "1862"]
[Annotator "TA"]
[PlyCount "88"]
[EventDate "2020.02.28"]
[EventType "swiss"]
[EventCountry "NOR"]
[SourceTitle "playchess.com"]
[Source "ChessBase"]
[SourceQuality "1"]

{[%evp 12,88,38,0,21,0,0,-12,-12,-10,0,-6,3,-31,0,0,49,-74,-31,-122,-114,-138,-138,-164,-160,-174,-162,-280,-285,-285,-281,-291,-287,-306,-302,-304,-294,-278,-256,-260,-258,-243,-245,-263,-262,-262,-242,-256,0,-233,-114,-192,-182,-177,-171,-256,-245,-266,-246,-281,-276,-264,-162,-157,-142,-179,-177,-181,-177,-180,-166,-173,-142,-167,-112,-180,-90,-143,-99]} 1. e4 e5 2. Nf3 Nc6 3. Bc4 Bc5 4. c3 Nf6 5. d3 O-O 6. Nbd2 d5 7. Bb3 Bb6 {C54: Giuoco Piano: 4 c3 Nf6, main lines with 5 d4 and 5 d3.} 8. h3 {[#]} Be6 $146 ({Predecessor:} 8... Re8 9. Qe2 a5 10. a4 Nh5 11. Nf1 Nf4 12. Bxf4 exf4 13. Bxd5 Ne5 14. Nxe5 Rxe5 {1-0 (53) Rausis,I (2520)-Zilka,S (2483) Havlickuv Brod 2008}) 9. O-O dxe4 {The position is equal.} 10. Nxe4 Bxb3 11. axb3 {With the idea Bg5.} h6 12. Ng3 Nd5 13. Ra4 f5 14. Qe2 (14. b4 $14 {stays ahead.}) 14... Qd6 15. Nh4 {[#]} (15. b4 $15) 15... Nde7 $1 $17 16. Qf3 {[%cal Rg3f5]} Qe6 17. Qd1 Rad8 18. Qc2 Qd6 19. Rd1 (19. b4 $142) 19... g5 $19 20. Nf3 {[#]} e4 $1 {[%cal Re4f3][%mdl 512]} 21. Nxe4 (21. dxe4 Qxd1+) 21... fxe4 {[%mdl 64] Discovered Attack} 22. Rxe4 {[#]} Rxf3 $1 {[%mdl 512]} 23. gxf3 Qg3+ $1 {[%mdl 64] Double Attack} 24. Kf1 Qxf3 25. d4 Qxh3+ 26. Kg1 Nf5 {White must now prevent ...Ne5!} 27. Rd3 Qh5 28. Qe2 Qf7 29. Qg4 Nh4 $2 (29... Nce7 $19 {...Rd6 is the strong threat.} 30. Rh3 Rf8) 30. Qe6 $2 (30. Rg3 $11 {and White has nothing to worry.} Nf5 31. Rf3) 30... Rf8 (30... Qxe6 $19 31. Rxe6 Nf5) 31. b4 (31. f4 $17 {was necessary.}) 31... Kg7 32. Qxf7+ Rxf7 33. Rde3 (33. Rg3 {keeps fighting.} Kf6 34. Re8) 33... Nf5 34. Rd3 Nce7 35. Bd2 c6 36. c4 Bxd4 37. Rexd4 Nxd4 38. Rxd4 {[%mdl 4096] Endgame [#] KRB-KRN} Nf5 $1 {[%cal Rf5d4]} 39. Rd8 Kg6 40. Rd3 a6 41. b5 cxb5 42. cxb5 Rf6 ({Black should play} 42... axb5 $19 43. Rd5 Rc7 44. Rxb5 Nd4) 43. bxa6 (43. Ba5 $17) 43... bxa6 (43... Rxa6 $19 44. Rb3 Nd4) 44. Bb4 (44. Ra3 $142) 44... h5 {Accuracy: White = 51%, Black = 64%.} 1/2-1/2

[Event "NOR-ch Women 2020"]
[Site "Bergen"]
[Date "2020.02.28"]
[Round "1.2"]
[White "Greibrokk, Ingrid"]
[Black "Stanford, Sheila Barth"]
[Result "0-1"]
[WhiteElo "1862"]
[BlackElo "2145"]
[Annotator "TA"]
[PlyCount "80"]
[EventDate "2020.02.28"]
[EventType "swiss"]
[EventCountry "NOR"]
[SourceTitle "playchess.com"]
[Source "ChessBase"]
[SourceQuality "1"]

{[%evp 16,80,20,-59,-1,-64,-29,-30,-21,-21,-15,-15,-20,-12,-17,-14,22,-45,0,-30,-33,-33,0,-95,-100,-94,-48,-50,-39,-66,0,0,0,-41,-40,-31,-41,-41,-41,-37,-50,-28,-33,-98,-99,-108,0,-74,-76,-99,-90,-156,-152,-154,-143,-131,-82,-225,-223,-458,-452,-424,-366,-452,-419,-2334,-2249]} 1. c4 c5 2. Nc3 Nf6 3. g3 d5 4. cxd5 Nxd5 5. Bg2 Nc7 6. d3 e5 7. Nf3 Nc6 8. O-O Be7 9. b3 (9. Nd2 $11) 9... O-O {[#] A34: Symmetrical English: 2 Nc3, lines with ...d5.} (9... Be6 $15) 10. Be3 $146 (10. Nd2 $11) ({Predecessor:} 10. Bb2 Be6 11. Rc1 f6 12. e3 Qd7 13. Qe2 Rfd8 14. Rfd1 Rac8 15. Ne4 Na6 16. Rd2 Kh8 17. Rcd1 Bg4 18. Qf1 f5 19. Nc3 Bf6 {0-1 (36) Iturrizaga Bonelli,E (2636)-Vidit,S (2711) chess.com INT 2018}) 10... Bd7 11. Nd2 Rc8 {Black has an edge.} 12. Rc1 b6 13. Nc4 f6 14. f4 exf4 15. Bxf4 Nd4 16. Nd5 (16. Bxc7 $11 Qxc7 17. e3) 16... Ne8 17. Nxe7+ Qxe7 18. e3 Nc6 {Threatens to win with ...g5.} 19. d4 (19. g4 $11 {keeps the balance.}) 19... g5 $1 $17 20. d5 Na5 21. d6 Qg7 $1 22. Nxa5 {And now Qd5+ would win.} bxa5 (22... gxf4 $15 23. exf4 bxa5) 23. Qd5+ $11 Kh8 24. Be5 (24. Bxg5 {feels hotter.} fxg5 25. Rxf8+ Qxf8 26. Rf1 Qxd6 27. Qxd6 Nxd6 28. Rd1) 24... fxe5 25. Rxf8+ Qxf8 26. Rf1 $1 {[%cal Rf1f8]} Qxd6 27. Qxd6 Nxd6 28. Rd1 c4 29. Rxd6 $15 {[%mdl 4096] Endgame [#] KRB-KRB} ({White should play} 29. bxc4 $1 $15 Nxc4 30. Rxd7) 29... c3 $1 $17 {[%cal Rc3c2]} 30. Be4 Be8 ({Better is} 30... Bb5 $17 {White must now prevent ...c2.} 31. Rd1 a4) 31. Rd1 (31. Bc2 $1 $11) 31... Kg7 32. Rc1 a4 33. Bd5 (33. bxa4 $142 Bxa4 34. Kf2) 33... axb3 34. axb3 c2 35. Kf2 Bh5 36. Bc4 {[#] This costs White the game.} (36. Ke1 $17) 36... Bg6 $1 $19 37. g4 $2 (37. Bd5 {keeps fighting.}) 37... Rd8 {...Rd1 is the strong threat.} 38. Ke2 a5 39. h3 Be4 {Strongly threatening ...Rd1!} 40. Be6 {[#]} (40. Ke1 $142 Rd6 41. Bb5) 40... Rd1 $1 {[%mdl 576] Promotion. Accuracy: White = 47%, Black = 66%.} 0-1

[Event "NOR-ch Women 2020"]
[Site "Bergen"]
[Date "2020.02.28"]
[Round "1.3"]
[White "Machlik, Monika"]
[Black "Hansen, Erle Andrea Marki"]
[Result "1-0"]
[WhiteElo "2106"]
[BlackElo "1860"]
[Annotator "TA"]
[PlyCount "53"]
[EventDate "2020.02.28"]
[EventType "swiss"]
[EventCountry "NOR"]
[SourceTitle "playchess.com"]
[Source "ChessBase"]
[SourceQuality "1"]

{[%evp 15,53,52,89,66,79,78,96,82,87,27,37,37,29,39,35,20,147,124,345,333,315,307,574,440,441,402,617,611,600,587,637,604,29992,29993,29993,29994,29994,29991,29995,29991]} 1. d4 Nf6 2. c4 g6 3. Nc3 Bg7 4. Nf3 O-O 5. g3 d6 6. Bg2 Nbd7 7. O-O a6 8. e4 c5 9. e5 {E67: King's Indian: Fianchetto: 6...Nbd7.} dxe5 10. dxe5 Ng4 {[#]} 11. e6 $1 {[%cal Re6d7] White is better.} fxe6 12. Qe2 ({Better is} 12. Na4 $16) 12... Nde5 $11 {[#]} 13. Rd1 $146 ({Predecessor:} 13. Nxe5 Nxe5 14. Rd1 Qb6 15. Na4 Qb4 16. b3 Nxc4 17. Bg5 Bd4 18. Rxd4 cxd4 19. Qxc4 Qxc4 20. bxc4 {1-0 (29) Haznedaroglu,K (2471)-Borekcioglu,Z (1702) Kocaeli 2014}) 13... Qc7 14. Nxe5 Nxe5 15. Bf4 Rf5 {[#]} (15... Rb8 $11) 16. Bh3 $1 $36 {[%cal Rh3f5][%mdl 2048] White is really pushing.} Qc6 $2 {Now Black is done in.} (16... Rxf4 $16 17. gxf4 Nf7) 17. Rd8+ $18 Kf7 18. Ne4 ({Not} 18. Bxf5 Nf3+ 19. Kh1 gxf5 $16) 18... Qb6 $2 (18... h6 19. Bxf5 exf5) 19. Rxc8 Rxc8 20. Bxf5 gxf5 (20... exf5 $142 21. Ng5+ {[%mdl 64] Double Attack} Kg8 22. Bxe5 Bf6) 21. Ng5+ {[%mdl 64] Double Attack} Kg6 22. Bxe5 Bxe5 23. Qxe5 Kxg5 24. Qg7+ {[%mdl 64] Double Attack. White mates.} Kh5 25. Qxh7+ Kg5 26. Qg7+ Kh5 27. h4 {Accuracy: White = 87%, Black = 28%.} 1-0

[Event "NOR-ch Women 2020"]
[Site "Bergen"]
[Date "2020.02.28"]
[Round "1.4"]
[White "Skaslien, Ingrid"]
[Black "Hagesæther, Nina"]
[Result "1-0"]
[WhiteElo "1847"]
[BlackElo "2106"]
[Annotator "TA"]
[PlyCount "69"]
[EventDate "2020.02.28"]
[EventType "swiss"]
[EventCountry "NOR"]
[SourceTitle "playchess.com"]
[Source "ChessBase"]
[SourceQuality "1"]

{[%evp 14,69,47,31,63,23,42,34,47,23,115,60,104,104,105,84,87,67,67,68,71,63,82,77,135,105,149,108,153,117,141,106,117,108,103,108,122,116,145,145,171,182,161,165,152,85,462,437,575,575,546,564,566,524,693,679,1531,1531]} 1. d4 Nf6 2. c4 g6 3. Nc3 Bg7 4. g3 d6 5. Bg2 O-O 6. Nf3 c6 7. O-O Qc7 {Recently 7...Bf5 got a lot of attention.} 8. b3 Bg4 {E62: King's Indian: Fianchetto: 6...c6 and Panno Variation (6...Nc6) without ...a6.} 9. Bb2 e5 10. Qd2 Bxf3 {White is slightly better.} 11. Bxf3 {[#]} Qa5 $146 (11... exd4 $11 {keeps the balance.} 12. Qxd4 Nbd7) ({Predecessor:} 11... Re8 12. e4 exd4 13. Qxd4 Nbd7 14. Rad1 Bf8 15. Ba3 Qa5 16. Bb2 Rad8 17. a3 c5 {1-0 (36) Stosevski,I (2201)-Kostadinovski,Z (2040) Skopje 2009}) 12. Rfd1 ({White should play} 12. d5 $16) 12... Nbd7 13. d5 c5 14. Qc2 Qd8 15. a3 Qe7 16. e4 Ne8 17. b4 b6 18. Bg4 Rd8 (18... Bh6 $142) 19. Bh3 Ndf6 {[%cal Bd7f6,Bf6h7,Bh7g5][%mdl 32]} 20. Rab1 h6 21. bxc5 bxc5 22. Na4 Nh7 23. Bc3 Ng5 24. Bg2 Qd7 25. Ba5 Rc8 26. Nc3 f5 27. h4 Nxe4 28. Nxe4 fxe4 29. Bxe4 (29. Qxe4 $142 Qf5 30. Qxf5 gxf5 31. Rb7) 29... g5 $2 {[%mdl 8192] [#] Now Black is done in.} (29... Nf6 $16 {is more resistant.}) 30. hxg5 $18 {White is clearly winning.} hxg5 31. Bh7+ Kh8 {intending ...Qh3.} 32. Kg2 Bh6 33. Be4 Kg7 34. Rh1 {[#] And now Rxh6! would win.} Rh8 35. Bf5 {[%mdl 64] Skewer. Accuracy: White = 70%, Black = 44%.} 1-0

[Event "NOR-ch Women 2020"]
[Site "Bergen"]
[Date "2020.02.28"]
[Round "1.5"]
[White "Kyrkjebø, Hanna B."]
[Black "Nordquelle, Amelia"]
[Result "0-1"]
[WhiteElo "1957"]
[BlackElo "1768"]
[Annotator "TA"]
[PlyCount "80"]
[EventDate "2020.02.28"]
[EventType "swiss"]
[EventCountry "NOR"]
[SourceTitle "playchess.com"]
[Source "ChessBase"]
[SourceQuality "1"]

{[%evp 13,79,19,14,17,20,14,78,79,110,107,112,120,115,100,147,147,157,150,205,172,192,174,171,109,97,60,60,70,68,67,85,29,141,137,227,141,141,122,116,89,97,91,94,84,93,0,7,0,0,0,0,0,168,80,73,82,758,63,714,656,614,-29996,-29997,-29997,-29998,-29998,-29999,-29999]} 1. e4 c5 2. Nf3 d6 3. Bb5+ Bd7 4. Bxd7+ Qxd7 5. c4 Nc6 6. Nc3 e5 7. O-O g6 8. a3 {B52: Sicilian: Moscow Variation with 3...Bd7.} Bg7 9. d3 {[#]} Nh6 $146 (9... Nge7 $11 {keeps the balance.}) ({Predecessor:} 9... Nge7 10. Bg5 f6 11. Be3 O-O 12. b4 Nd4 13. Nd2 f5 14. f3 Rac8 15. Rb1 Bf6 16. Rb2 Ne6 17. Kh1 h5 18. bxc5 dxc5 {½-½ (38) Miettinen,K (2429)-Siefring,C (2501) ICCF email 2018}) 10. Nd5 $16 {Black must now prevent Bxh6.White is better.} Qd8 11. Bg5 f6 12. Nxf6+ {[%mdl 64] Deflection} Bxf6 13. Bxh6 Rg8 14. Be3 Qe7 15. b4 g5 (15... Rf8 $16 {was necessary.} 16. Bh6 Bg7) 16. Rb1 h5 17. Ne1 g4 18. bxc5 ({Better is} 18. Qa4 $18) 18... dxc5 19. Nc2 O-O-O 20. Rb5 b6 21. a4 {[%cal Ba3a4,Ba4a5][%mdl 32]} Qd6 22. Ne1 (22. Qa1 $16) 22... Nb4 (22... Bg5 $1 $11) 23. a5 Kc7 (23... Bg5 $16) 24. Qb1 Bg5 {White should prevent ...Bxe3.} 25. Bxg5 Rxg5 26. axb6+ axb6 27. Nc2 Nxc2 28. Qxc2 Qxd3 29. Qb2 (29. Qa2 $16 Qxe4 30. Rfb1) 29... Rd6 $11 30. g3 Qxe4 31. Rb1 {[%cal Rb5b6]} Rgg6 $36 {[%mdl 2048] White is under pressure.} 32. Qa1 {Threatens to win with Rxc5+!} Qc6 $2 (32... Qxc4 $11 {and Black has nothing to worry.} 33. R5b3 (33. Qxe5 Rge6 $11) 33... Qd5) 33. Qxe5 (33. Rxb6 $18 {is more deadly. White wants to mate with Qa7+.} Qxb6 34. Rxb6 Kxb6 35. Qb2+ (35. Qxe5 Rge6 $16) 35... Ka7 36. Qxe5) 33... Rge6 $16 34. Qa1 Qf3 $2 {[%mdl 8192] [#]} (34... Rd7 $16) 35. R5b3 $2 (35. Rxc5+ $1 $18 {[%mdl 512]} Kd8 (35... bxc5 36. Qa7+) 36. Rxh5 (36. Qh8+ Re8 $18)) 35... Rd3 $2 {[%mdl 8192]} (35... Qe4 $14) 36. Qa7+ Kc8 37. Rxb6 $4 {[%mdl 8192]} (37. Rxd3 $18 Qxd3 38. Qa8+ Kd7 39. Ra1 Qxc4 40. Ra7+ Kd6 41. Qd8+ Ke5 42. Rd7) 37... Rd1+ {[%mdl 64] Back Rank. Black mates.} 38. Rxd1 Qxd1+ 39. Kg2 Qf3+ 40. Kf1 Qh1# {Accuracy: White = 59%, Black = 49%.} 0-1

[Event "NOR-ch Women 2020"]
[Site "Bergen"]
[Date "2020.02.28"]
[Round "1.6"]
[White "Mork, Ramona"]
[Black "Kvendseth, Thyra"]
[Result "1/2-1/2"]
[WhiteElo "1750"]
[BlackElo "1889"]
[Annotator "NA RC"]
[PlyCount "73"]
[EventDate "2020.02.28"]
[EventType "swiss"]
[EventCountry "NOR"]
[SourceTitle "playchess.com"]
[Source "ChessBase"]
[SourceQuality "1"]
[TimeControl "5400+30"]

{[%evp 32,61,67,61,66,57,59,58,57,49,64,63,86,45,60,39,75,56,71,64,59,53,110,85,86,84,93,37,39,45,48,689]} 1. e4 {[%emt 0:00:00]} e5 {[%emt 0:00:00]} 2. Nf3 {[%emt 0:00:00]} Nc6 {[%emt 0:00:00]} 3. d4 {[%emt 0:00:00]} exd4 {[%emt 0:00:00]} 4. Nxd4 {[%emt 0:00:00]} Nf6 {[%emt 0:00:09]} 5. Nc3 {[%emt 0:00:19]} Bb4 {[%emt 0:02:24]} 6. Nxc6 {[%emt 0:01:20]} bxc6 {[%emt 0:00:14]} 7. Bd3 {[%emt 0:02:52]} d5 {[%emt 0:03:11]} 8. exd5 {[%emt 0:01:35]} cxd5 {[%emt 0:00:30]} 9. O-O {[%emt 0:02:31]} O-O {[%emt 0:01:44]} 10. Bg5 {[%emt 0:03:03]} c6 {[%emt 0:02:14]} 11. Qf3 {[%emt 0:02:08]} Be7 {[%emt 0:01:24]} 12. h3 {[%emt 0:01:04]} Be6 {[%emt 0:04:36]} 13. Ne2 {[%emt 0:04:20]} c5 {[%emt 0:08:57] [#] C47: Scotch Four Knights and Four Knights with 4 g3.} 14. b3 $146 {[%emt 0:05:04]} ({Predecessor:} 14. c3 h6 15. Bf4 Re8 16. Rfe1 Qd7 17. Be5 Qb7 18. c4 Nd7 19. Bc3 Rab8 20. cxd5 Bxd5 21. Qf5 g6 22. Qg4 h5 23. Qg3 Be4 24. Bxe4 Qxe4 25. Rad1 Nf6 26. Nf4 Qf5 27. Rxe7 Rxe7 28. Nd5 {1-0 (28) Noritsyn,N (2425)-Bojkov,D (2544) Montreal 2011}) 14... c4 {[%emt 0:06:37]} 15. Bf5 {[%emt 0:07:02]} Qd7 {[%emt 0:03:49]} 16. Nd4 {[%emt 0:03:36]} g6 {[%emt 0:09:36]} 17. Bxe6 {[%emt 0:04:14]} fxe6 {[%emt 0:00:14]} 18. Qe2 {[%emt 0:01:59]} Ne4 {[%emt 0:12:15]} 19. Bxe7 $1 {[%emt 0:03:20]} Qxe7 {[%emt 0:00:16]} 20. bxc4 {[%emt 0:05:49]} Qf6 {[%emt 0:02:34]} 21. Nf3 {[%emt 0:05:32]} Nc3 {[%emt 0:04:02]} 22. Qe5 {[%emt 0:07:31]} dxc4 {[%emt 0:01:19]} 23. Rfe1 {[%emt 0:01:44]} Rae8 {[%emt 0:03:24]} 24. Re3 {[%emt 0:05:33]} Nd5 {[%emt 0:01:57]} 25. Re4 {[%emt 0:03:40]} c3 {[%emt 0:04:33]} 26. Rb1 {[%emt 0:03:10]} Nf4 {[%emt 0:01:27]} 27. Qxf6 {[%emt 0:02:36]} Rxf6 {[%emt 0:00:14]} 28. Ne5 {[%emt 0:02:51]} Rd8 {[%emt 0:01:10]} 29. Ng4 {[%emt 0:04:47]} (29. Ra4 $16 Ra8 30. Rb7) 29... Rff8 {[%emt 0:01:01]} 30. Rb7 {[%emt 0:02:00]} Rd4 $1 {[%emt 0:03:05]} 31. Nh6+ $18 {[%emt 0:02:02]} (31. Rxd4 $14 Ne2+ {[%mdl 64] Double Attack} 32. Kf1 Nxd4 33. Ne3) 31... Kh8 {[%emt 0:00:02]} 32. Rxd4 {[%emt 0:01:04]} Ne2+ {[%emt 0:00:10]} 33. Kf1 {[%emt 0:00:26]} Nxd4 {[%emt 0:00:08]} 34. Nf7+ {[%emt 0:01:17]} Kg8 {[%emt 0:02:13]} 35. Nh6+ {[%emt 0:00:15]} Kh8 {[%emt 0:00:06]} 36. Nf7+ {[%emt 0:00:06]} Kg8 {[%emt 0:02:10]} 37. Nh6+ {[%emt 0:00:06]} 1/2-1/2

[Event "NOR-ch Women 2020"]
[Site "Bergen"]
[Date "2020.02.29"]
[Round "2.1"]
[White "Stanford, Sheila Barth"]
[Black "Kyrkjebo, Marte B."]
[Result "1-0"]
[WhiteElo "2145"]
[BlackElo "1887"]
[Annotator "TA"]
[PlyCount "113"]
[EventDate "2020.02.28"]
[EventType "swiss"]
[EventCountry "NOR"]
[SourceTitle "playchess.com"]
[Source "ChessBase"]
[SourceQuality "1"]

{[%evp 9,113,3,13,-21,-35,-36,-35,-37,-41,-33,-27,-26,-18,-22,-25,-39,-18,-65,-56,-61,-52,-59,-45,-72,-48,-58,-58,-75,-33,-29,-31,-74,-50,-39,-31,-36,-28,-51,-33,-65,-50,-77,-57,-41,-9,-8,-8,-29,0,-35,-12,-18,-25,-22,0,-33,-34,-37,-18,-20,-22,-11,0,-20,0,0,93,91,87,93,82,85,122,0,0,0,122,121,135,97,97,83,233,0,2,7,99,90,5920,2816,1601,1577,1604,1219,12845,29979,29979,12846,29980,29980,29982,29983,29984,29985,29986,29987]} 1. d4 Nf6 2. Bf4 e6 3. e3 c5 4. Nf3 Be7 5. h3 O-O 6. Nc3 {A46: 1 d4 Nf6 2 Nf3 e6: Torre, London and Colle Systems.} d5 {[#]} 7. Nb5 $146 {Threatens to win with Nc7.} ({Predecessor:} 7. dxc5 Bxc5 8. Bd3 Nc6 9. O-O Re8 10. Bg5 h6 11. Bh4 g5 12. Bg3 e5 13. Bb5 {0-1 (53) Xie,G (2369)-Dale,A (2356) Cammeray 2018}) 7... Nc6 8. dxc5 {Black is slightly better.} Bxc5 9. c3 a6 10. Nbd4 Bd6 11. Bxd6 Qxd6 12. Be2 e5 13. Nb3 Bf5 14. O-O Rfd8 15. a4 Rac8 16. a5 h6 17. Ra4 Qe7 18. Ne1 Nd7 19. Nd3 Na7 {[%cal Bc6a7,Ba7b5,Bb5d6,Bd6c4][%mdl 32]} 20. Rb4 Rc7 21. Bg4 Bxg4 22. Qxg4 Nf6 23. Qe2 Nb5 24. Qd1 Nd6 25. f4 Nc4 26. fxe5 Nxe5 27. Nxe5 Qxe5 28. Qd4 Re8 (28... Qe7 {feels hotter.} 29. Qf4 Ne4 30. Nd4 Nd6 31. Rf3 Rc5) 29. Rf3 (29. Qxe5 {keeps more tension.} Rxe5 30. Re1 Ne4 31. Nc1 Nc5 32. Rd4) 29... Ne4 30. Qxe5 Rxe5 31. Rd4 Rce7 32. Nd2 Nd6 33. g4 f5 34. Kf2 fxg4 35. hxg4 Ne4+ 36. Ke2 Rg5 (36... Ng5 {seems wilder.} 37. Rg3 Ne6 38. Ra4 Nd8 39. Nb3 Nf7) 37. Rf4 {[%cal Rd2e4]} Rge5 (37... Nf6 $11) 38. Nxe4 $16 dxe4 {[%mdl 4096] Endgame [#] KRR-KRR} 39. b4 $1 g6 40. Kf2 Kg7 41. Rd6 (41. Kg3 $16) 41... R5e6 $11 42. Rd4 (42. Rxe6 $11 Rxe6 43. Ke2) 42... Re5 $1 $16 43. Kg3 h5 44. gxh5 gxh5 45. Kh4 Kg6 {[#]} (45... Rb5 $16) 46. Rd6+ $2 (46. c4 $1 $18) 46... R7e6 $11 47. Rd1 {next c4 is good for White.} Kh6 (47... b6 $1 $11) 48. Rf7 $16 Re7 $2 {[%mdl 8192]} (48... Rb5 $16) 49. Rd6+ $18 R5e6 50. Rxe6+ {[%mdl 64] Overworked Piece} Rxe6 51. Rxb7 {Black must now prevent Rb6. KR-KR} Kg6 52. Rb6 Kf5 53. Rxe6 Kxe6 54. c4 {White mates.} Kd6 55. Kxh5 Ke5 56. Kg5 Kd6 57. Kf5 {Accuracy: White = 81%, Black = 69%.} 1-0

[Event "NOR-ch Women 2020"]
[Site "Bergen"]
[Date "2020.02.29"]
[Round "2.2"]
[White "Nordquelle, Amelia"]
[Black "Machlik, Monika"]
[Result "0-1"]
[WhiteElo "1768"]
[BlackElo "2106"]
[Annotator "TA"]
[PlyCount "62"]
[EventDate "2020.02.28"]
[EventType "swiss"]
[EventCountry "NOR"]
[SourceTitle "playchess.com"]
[Source "ChessBase"]
[SourceQuality "1"]

{[%evp 11,62,22,23,29,27,10,20,17,6,18,7,4,10,0,20,14,26,0,0,0,0,0,0,-14,1,0,66,18,18,18,10,0,5,0,0,-52,-51,-47,-34,-51,-52,-194,-93,-93,-88,-92,-89,-89,-95,-90,-88,-937,-916]} 1. d4 Nf6 2. c4 e6 3. Nf3 Bb4+ 4. Bd2 a5 5. a3 Bxd2+ 6. Qxd2 d6 7. Nc3 {E11: Bogo-Indian.} Nc6 8. e4 O-O 9. Be2 {The position is equal.} e5 10. d5 Ne7 11. O-O Ng6 {[#]} 12. Rfe1 $146 ({Predecessor:} 12. g3 a4 13. Qc2 Bg4 14. Nd1 Nd7 15. Ne3 Bh3 16. Rfe1 Nc5 17. Bf1 Bd7 18. Bg2 {0-1 (35) Ayyad,M (2122)-Maghsoodloo,P (2416) Al Ain 2015}) 12... Nf4 13. Bf1 Bg4 {next ...Bxf3 is good for Black.} 14. Re3 Nd7 15. h3 Bxf3 16. Rxf3 Nc5 {White should prevent ...Nb3.} 17. g3 Qg5 {[#] Hoping for ...Nxh3+!} 18. Qd1 Qg6 (18... a4 $11) 19. Kh2 Nh5 20. Bd3 Nf6 {[%cal Bh5f6,Bf6d7,Bd7c5,Bc5b3][%mdl 32]} 21. Re3 Nxd3 22. Qxd3 Nd7 23. Qd1 (23. Rf1 $11) 23... f5 $15 24. exf5 Qxf5 25. f3 Nc5 26. b4 (26. Kg2 $15) 26... axb4 (26... Qg5 $19 {has better winning chances.} 27. Re2 Rxf3) 27. axb4 $17 {Strongly threatening Rxa8.} Rxa1 28. Qxa1 {[#]} Nb3 $1 {[%cal Rb3a1]} 29. Qb1 Nd2 30. Qxf5 Rxf5 31. Ne4 $2 {[%mdl 8192]} (31. Kg2 $17) 31... Nf1+ {[%mdl 64] Double Attack. Accuracy: White = 64%, Black = 87%.} 0-1